Priciples of Mercantile Law/ (Record no. 92106)
[ view plain ]
| 000 -LEADER | |
|---|---|
| fixed length control field | 00879nam a22002417a 4500 |
| 005 - DATE AND TIME OF LATEST TRANSACTION | |
| control field | 20181004144021.0 |
| 008 - FIXED-LENGTH DATA ELEMENTS--GENERAL INFORMATION | |
| fixed length control field | 150305b xxu||||| |||| 00| 0 eng d |
| 010 ## - LCCN (DPL NO) | |
| LC control number | B-598013 |
| 020 ## - INTERNATIONAL STANDARD BOOK NUMBER | |
| International Standard Book Number | 9789380231143 |
| Terms of availability | 425.00 |
| 035 ## - SYSTEM CONTROL NUMBER | |
| System control number | B-598013 |
| 037 ## - SOURCE OF ACQUISITION | |
| Source of stock number/acquisition | UBH |
| 040 ## - CATALOGING SOURCE | |
| Original cataloging agency | dpl |
| Language of cataloging | en |
| 082 ## - DEWEY DECIMAL CLASSIFICATION NUMBER | |
| Classification number | 346.5407 |
| 100 ## - MAIN ENTRY--PERSONAL NAME | |
| Personal name | Bangia, R. K. |
| 245 ## - TITLE STATEMENT | |
| Title | Priciples of Mercantile Law/ |
| Statement of responsibility, etc | by R. K. Bangia; revised by Narender Kumar |
| 250 ## - EDITION STATEMENT | |
| Edition statement | 6th ed |
| 260 ## - PUBLICATION, DISTRIBUTION, ETC. (IMPRINT) | |
| Place of publication, distribution, etc | Faridabad(Haryana) |
| Name of publisher, distributor, etc | Allahabad Law Agency |
| Date of publication, distribution, etc | 2013 |
| 270 ## - ADDRESS | |
| Address | Plot No. 33, 16/2 Mathura Road, |
| City | Faridabad |
| Telephone number | 0129-2295647, 2295768 |
| Fax number | 0129-4076099 |
| 300 ## - PHYSICAL DESCRIPTION | |
| Extent | 870p |
| Dimensions | 24cm(pbk) |
| 700 ## - ADDED ENTRY--PERSONAL NAME | |
| Dates associated with a name | Narender Kumar |
| 942 ## - ADDED ENTRY ELEMENTS (KOHA) | |
| Source of classification or shelving scheme | Dewey Decimal Classification |
| Item type | English Books |
| Classification part | 346.5407 |
| Call number suffix | BAN |
| Withdrawn status | Lost status | Source of classification or shelving scheme | Damaged status | Not for loan | Collection code | Home library | Current library | Date acquired | Source of acquisition | Cost, normal purchase price | Total Checkouts | Total Renewals | Full call number | Barcode | Date last seen | Copy number | Koha item type |
|---|---|---|---|---|---|---|---|---|---|---|---|---|---|---|---|---|---|
| Dewey Decimal Classification | Non-fiction | Sarojini Nagar | Sarojini Nagar | 22/08/2015 | UBH/059/30.6.15/DPL/ZLS/RP/2015-16/1/46/29.6.15/14.7.15 | 425.00 | 9 | 10 | 346.5407 BAN | B-598013 | 29/10/2022 | 1 | English Books |
